000
00285nam a22001337a 4500
008
170912b xxu||||| |||| 00| 0 eng d
020
_a
9780805390636
041
_a
eng
080
_a
53
100
_a
43
101
_a
FIZ
245
_a
TIPS ON PHYSICS
_c
FEYNMAN,R.P
942
_2
udc
_c
BK
999
_c
27303
_d
27303